Health Care Evaluation / (Record no. 1163)

MARC details
000 -LEADER
Fixed length control field 00456nam a2200169 4500
003 - CONTROL NUMBER IDENTIFIER
Control field SEACOMMC
005 - DATE AND TIME OF LATEST TRANSACTION
Control field 20250509132719.0
008 - FIXED-LENGTH DATA ELEMENTS--GENERAL INFORMATION
Fixed length control field 250401b |||||||| |||| 00| 0 eng d
020 ## - INTERNATIONAL STANDARD BOOK NUMBER / ISBN
International Standard Book Number 978-03-352-1849-3
Price Rs.450.00
040 ## - CATALOGING SOURCE
Original cataloging agency SEACOMMC
082 ## - DEWEY DECIMAL CLASSIFICATION NUMBER
Classification number 362.1
Book Number S 659
100 ## - MAIN ENTRY--PERSONAL NAME
Personal name Smith, Sarah
245 1# - TITLE STATEMENT
Title Health Care Evaluation /
Statement of responsibility Sarah Smith ... [et al.].
260 ## - IMPRINT
Place of publication New York
Name of publisher Tata McGraw Hill
Date of publication c2005
650 ## - SUBJECT ADDED ENTRY--TOPICAL TERM
Topical term Evaluation
942 ## - ADDED ENTRY ELEMENTS (KOHA)
Koha item type Books
Holdings
Withdrawn status Lost status Source of classification Damaged status Not for loan Home library Current library Shelving location Date acquired Total Checkouts Call number Accession number Date last seen Price effective from Koha item type Copy number
    Dewey Decimal Classification     SEACOM MANAGEMENT COLLEGE SEACOM MANAGEMENT COLLEGE Reference 03/03/2010   362.1 S 659 M-2783 01/04/2025 01/04/2025 Reference Books  
    Dewey Decimal Classification     SEACOM MANAGEMENT COLLEGE SEACOM MANAGEMENT COLLEGE   03/03/2010   362.1 S 659 M-2784 01/04/2025 01/04/2025 Books 1
    Dewey Decimal Classification     SEACOM MANAGEMENT COLLEGE SEACOM MANAGEMENT COLLEGE   03/03/2010   362.1 S 659 M-2785 01/04/2025 01/04/2025 Books 2
© Seacom Engineering College, All rights reserved.    Powered by Koha